[Event "Czech Open GM 2019"]
[Site "Pardubice"]
[Date "2019.07.26"]
[Round "8.7"]
[White "Ostrovskiy, Aleksandr"]
[Black "Kulon, Klaudia"]
[Result "1-0"]
[WhiteElo "2453"]
[BlackElo "2331"]
[Annotator "ChessBase"]
[PlyCount "81"]
[EventDate "2019.07.19"]
[EventType "swiss"]
[EventCountry "CZE"]
[SourceTitle "playchess.com"]
[Source "ChessBase"]
[SourceQuality "1"]

1. e4 e5 2. Nf3 Nc6 3. Bc4 Nf6 4. d3 h6 5. c3 d6 6. O-O g6 7. d4 Qe7 8. Re1 Bg7 9. Nbd2 O-O 10. h3 Bd7 11. Nf1 Rae8 12. Ng3 Qd8 13. Bd3 Kh8 14. Be3 b6 15. Qd2 Ng8 16. Rad1 exd4 17. cxd4 Nce7 18. d5 f5 19. exf5 Bxf5 20. Bd4 Bd7 21. Qc3 Nf6 22. Nh4 g5 23. Rxe7 Rxe7 24. Ng6+ Kg8 25. Nxe7+ Qxe7 26. Qxc7 Ne8 27. Qc3 Bxd4 28. Qxd4 Rf4 29. Qc3 Qf7 30. Qc2 Kg7 31. Re1 h5 32. Ne4 Rf5 33. Ng3 Rf4 34. Be2 Nf6 35. Qc7 Rxf2 36. Qxd6 g4 37. Bd3 Nxd5 38. Nxh5+ Kg8 39. Qb8+ Qf8 40. Qxf8+ Rxf8 41. Bc4 1-0

[Event "Czech Open GM 2019"]
[Site "Pardubice"]
[Date "2019.07.26"]
[Round "8.8"]
[White "Polschikov, Alexey"]
[Black "Demidov, Mikhail"]
[Result "1/2-1/2"]
[WhiteElo "2375"]
[BlackElo "2546"]
[Annotator "TA"]
[PlyCount "99"]
[EventDate "2019.07.19"]
[EventType "swiss"]
[EventCountry "CZE"]
[SourceTitle "playchess.com"]
[Source "ChessBase"]
[SourceQuality "1"]

1. Nf3 g6 2. c4 Bg7 3. e4 d6 4. d4 Bg4 5. Be2 Nc6 6. Be3 e5 7. d5 Bxf3 8. Bxf3 Nd4 9. O-O Ne7 10. Nc3 O-O 11. Nb5 c5 12. dxc6 Nexc6 13. Rc1 a6 14. Nxd4 exd4 15. Bd2 Re8 16. g3 Ne5 17. Bg2 Qb6 18. b3 a5 19. Rb1 a4 20. f4 Nd7 21. bxa4 Qc7 22. a5 Nc5 23. Re1 Rxa5 24. Bxa5 Qxa5 25. e5 dxe5 26. fxe5 Bxe5 27. Bd5 Qc7 28. Qf3 Re7 29. Bxb7 Nxb7 30. Rxb7 Qxb7 31. Qxb7 Rxb7 32. Rxe5 Rb4 33. c5 Kg7 34. c6 Rc4 35. Rd5 Rxc6 36. Rxd4 Rc1+ 37. Kg2 Rc2+ 38. Kh3 Rxa2 39. g4 h6 40. Rd3 h5 41. gxh5 g5 42. Kg3 Ra4 43. Rd5 f6 44. Rd7+ Kg8 45. Rb7 Rh4 46. h3 Rxh5 47. Kg4 Rh7 48. Rxh7 Kxh7 49. h4 Kg6 50. hxg5 1/2-1/2

[Event "Czech Open GM 2019"]
[Site "Pardubice"]
[Date "2019.07.26"]
[Round "8.8"]
[White "Vokac, Marek"]
[Black "Vykouk, Jan"]
[Result "1/2-1/2"]
[WhiteElo "2316"]
[BlackElo "2453"]
[Annotator "RC"]
[PlyCount "49"]
[EventDate "2019.07.19"]
[EventType "swiss"]
[EventCountry "CZE"]
[SourceTitle "playchess.com"]
[Source "ChessBase"]
[SourceQuality "1"]

1. Nf3 Nf6 2. c4 d6 3. d4 g6 4. Nc3 Bg7 5. Bg5 O-O 6. e3 Nbd7 7. Be2 c6 8. Qc2 a6 9. O-O b5 10. a3 Bb7 11. Rfd1 Qe8 12. Rac1 Rc8 13. Nd2 Nb6 14. Bxf6 Bxf6 15. Nce4 Nd7 16. Nxf6+ Nxf6 17. Bf3 Qd7 18. c5 d5 19. e4 dxe4 20. Nxe4 Nd5 21. Qd2 Kg7 22. Nc3 Nf6 23. Re1 Rcd8 24. Rcd1 Rfe8 25. Qf4 1/2-1/2

[Event "Czech Open GM 2019"]
[Site "Pardubice"]
[Date "2019.07.26"]
[Round "8.9"]
[White "Kacharava, Nikolozi"]
[Black "Basso, Pier Luigi"]
[Result "0-1"]
[WhiteElo "2431"]
[BlackElo "2559"]
[Annotator "ChessBase"]
[PlyCount "124"]
[EventDate "2019.07.19"]
[EventType "swiss"]
[EventCountry "CZE"]
[SourceTitle "playchess.com"]
[Source "ChessBase"]
[SourceQuality "1"]

1. e4 g6 2. d4 Bg7 3. Nc3 c6 4. Nf3 d5 5. h3 Nf6 6. Bd3 c5 7. dxc5 dxe4 8. Nxe4 Nxe4 9. Bxe4 Nd7 10. c3 Qc7 11. O-O Nxc5 12. Bc2 O-O 13. Bg5 b6 14. Re1 e5 15. Nd2 f6 16. Bh4 Rd8 17. b4 Ne6 18. Qe2 Nf4 19. Qe3 Bb7 20. Ne4 g5 21. Bg3 Kh8 22. Bxf4 gxf4 23. Qe2 f5 24. Ng5 Qc6 25. Qf3 Qxf3 26. gxf3 Rf8 27. Bb3 h6 28. Nf7+ Rxf7 29. Bxf7 Bxf3 30. Rad1 Bxd1 31. Rxd1 e4 32. c4 Bc3 33. Be6 e3 34. Kf1 Re8 35. Rd6 Bxb4 36. Rc6 Kg7 37. fxe3 fxe3 38. Ke2 f4 39. Bd5 Re7 40. a4 Rd7 41. Re6 Bc5 42. Re4 Bd6 43. Re6 Bc7 44. Kf3 Bb8 45. Re8 Bd6 46. Re6 Re7 47. Rxe7+ Bxe7 48. Ke2 Kf6 49. Bf3 Ke5 50. Kd3 Bd6 51. Bb7 Ba3 52. Bf3 Bb2 53. Be2 Bc1 54. Bd1 Bd2 55. Be2 Be1 56. Bf3 Bg3 57. Bg4 Bf2 58. Bd1 Kd6 59. Ke4 Kc5 60. Kxf4 Kxc4 61. Kf3 Kb4 62. Ke2 a6 0-1

[Event "Czech Open GM 2019"]
[Site "Pardubice"]
[Date "2019.07.26"]
[Round "8.9"]
[White "Van Osch, Mees"]
[Black "Novik, Maxim"]
[Result "1-0"]
[WhiteElo "2316"]
[BlackElo "2450"]
[Annotator "ChessBase"]
[PlyCount "90"]
[EventDate "2019.07.19"]
[EventType "swiss"]
[EventCountry "CZE"]
[SourceTitle "playchess.com"]
[Source "ChessBase"]
[SourceQuality "1"]

1. e4 c6 2. d4 d5 3. exd5 cxd5 4. Bd3 Nc6 5. c3 g6 6. Bf4 Bg7 7. Nf3 Nf6 8. O-O O-O 9. Re1 Bf5 10. Bxf5 gxf5 11. Nbd2 e6 12. Ne5 Kh8 13. Re3 Nxe5 14. dxe5 Ng4 15. Re1 Qb6 16. Qe2 Bh6 17. Bxh6 Nxh6 18. Qh5 Ng4 19. Qh4 Qd8 20. Qxd8 Rfxd8 21. Nb3 Rac8 22. Rad1 Rg8 23. f3 Nh6 24. Rd4 Rgd8 25. Red1 Ng8 26. Rb4 Rd7 27. Nd4 Ne7 28. Kf2 Nc6 29. Nxc6 bxc6 30. Ke3 c5 31. Rb5 Kg7 32. c4 f6 33. f4 Kf7 34. b4 d4+ 35. Kd3 fxe5 36. fxe5 cxb4 37. Rb1 Rg8 38. g3 Rg4 39. c5 Re4 40. c6 Re3+ 41. Kd2 Re7 42. Rc1 Rd7 43. Rb1 Re7 44. Rb7 Rxe5 45. Rc1 Rxb7 1-0

[Event "Czech Open GM 2019"]
[Site "Pardubice"]
[Date "2019.07.26"]
[Round "8.10"]
[White "Gazik, Viktor"]
[Black "Bryzgalin, Kirill"]
[Result "1-0"]
[WhiteElo "2525"]
[BlackElo "2437"]
[Annotator "TA"]
[PlyCount "61"]
[EventDate "2019.07.19"]
[EventType "swiss"]
[EventCountry "CZE"]
[SourceTitle "playchess.com"]
[Source "ChessBase"]
[SourceQuality "1"]

1. e4 e5 2. Nf3 Nc6 3. Bc4 Be7 4. O-O d6 5. c3 Nf6 6. Qe2 O-O 7. Bb3 h6 8. h3 Nh7 9. d4 Ng5 10. Rd1 Nxf3+ 11. Qxf3 Bg5 12. Na3 Qe7 13. Nc4 Bd7 14. Ne3 Bxe3 15. Bxe3 Kh8 16. Bc2 Qh4 17. Rd2 a5 18. Re1 Rae8 19. a3 a4 20. Rdd1 Re7 21. Kh2 Kg8 22. Rg1 Na5 23. dxe5 Rxe5 24. Bf4 Re7 25. Rd5 Nc4 26. Rh5 Qf6 27. Bxh6 Qg6 28. e5 Qxc2 29. Bxg7 Nxe5 30. Qf6 Ng6 31. Bxf8 1-0

[Event "Czech Open GM 2019"]
[Site "Pardubice"]
[Date "2019.07.26"]
[Round "8.10"]
[White "Biolek, Richard Jr."]
[Black "Punin, Andrii"]
[Result "1/2-1/2"]
[WhiteElo "2447"]
[BlackElo "2305"]
[Annotator "NA"]
[PlyCount "85"]
[EventDate "2019.07.19"]
[EventType "swiss"]
[EventCountry "CZE"]
[SourceTitle "playchess.com"]
[Source "ChessBase"]
[SourceQuality "1"]

1. e4 c6 2. d4 d5 3. e5 Bf5 4. Nd2 e6 5. Nb3 Nd7 6. Nf3 a6 7. Be2 c5 8. Nxc5 Bxc5 9. dxc5 Nxc5 10. Be3 Rc8 11. Nd4 Ne7 12. O-O Qc7 13. Nxf5 Nxf5 14. Bxc5 Qxc5 15. Bd3 O-O 16. c3 g6 17. Bxf5 gxf5 18. Qh5 Qe7 19. f4 Kh8 20. Rf3 Rg8 21. Rd1 Rg6 22. Rh3 h6 23. Rg3 Rcg8 24. Rxg6 Rxg6 25. Qf3 Qc5+ 26. Rd4 Qa5 27. a3 Qb6 28. Qf2 a5 29. h3 Qb3 30. Kh2 Rg8 31. Qe2 Qa2 32. Rd1 Rc8 33. Qh5 Qxb2 34. Qxh6+ Kg8 35. Qg5+ Kf8 36. Qh6+ Kg8 37. Rd3 Rxc3 38. Qg5+ Kf8 39. Qd8+ Kg7 40. Qf6+ Kg8 41. Qd8+ Kg7 42. Qf6+ Kg8 43. Qd8+ 1/2-1/2

[Event "Czech Open GM 2019"]
[Site "Pardubice"]
[Date "2019.07.26"]
[Round "8.11"]
[White "Galperin, Platon"]
[Black "Dowgird, Filip"]
[Result "1-0"]
[WhiteElo "2445"]
[BlackElo "2298"]
[Annotator "NA"]
[PlyCount "141"]
[EventDate "2019.07.19"]
[EventType "swiss"]
[EventCountry "CZE"]
[SourceTitle "playchess.com"]
[Source "ChessBase"]
[SourceQuality "1"]

1. d4 Nf6 2. c4 d6 3. Nc3 e5 4. Nf3 Nbd7 5. e4 Be7 6. Be2 O-O 7. O-O c6 8. Be3 a6 9. d5 cxd5 10. cxd5 h6 11. Nd2 Ne8 12. b4 Bg5 13. Nc4 Bxe3 14. Nxe3 Nef6 15. Qb3 Nb6 16. Rab1 Bd7 17. a4 Qe8 18. Ra1 Rc8 19. a5 Na8 20. b5 axb5 21. Nxb5 Qe7 22. Qb4 Rc5 23. Na7 Rb8 24. Rfc1 b5 25. a6 Rb6 26. Nc6 Bxc6 27. dxc6 Rxa6 28. Bxb5 Rxa1 29. Rxa1 Nc7 30. Ba4 g6 31. Rd1 Kg7 32. Nc4 Na6 33. Qb6 Rxc4 34. Qxa6 d5 35. exd5 Qc5 36. Bb3 Rf4 37. Qe2 Ne4 38. Rf1 Qd4 39. g3 Rf6 40. Kg2 Nd6 41. Rc1 e4 42. c7 Rf3 43. Ba2 Rc3 44. Qe1 Rc5 45. Kg1 h5 46. Bb3 Kf8 47. Ba4 Rxc1 48. Qxc1 Qxa4 49. c8=R+ Nxc8 50. Qxc8+ Kg7 51. Qc3+ Kf8 52. Kg2 Ke7 53. Qe5+ Kd8 54. Qf6+ Ke8 55. d6 Qa7 56. Qe5+ Kd8 57. Qxe4 Qd7 58. Qa8+ Qc8 59. Qd5 Qd7 60. Kf3 Qg4+ 61. Ke3 f6 62. Qg8+ Kd7 63. Qf7+ Kxd6 64. Qxf6+ Kc5 65. Qe5+ Kc6 66. Qe4+ Qxe4+ 67. Kxe4 Kd6 68. Kf4 Ke6 69. Kg5 Kf7 70. f4 Kg7 71. h4 1-0

[Event "Czech Open GM 2019"]
[Site "Pardubice"]
[Date "2019.07.26"]
[Round "8.11"]
[White "Koustav Chatterjee"]
[Black "Zanan, Evgeny"]
[Result "1/2-1/2"]
[WhiteElo "2430"]
[BlackElo "2505"]
[Annotator "ChessBase"]
[PlyCount "96"]
[EventDate "2019.07.19"]
[EventType "swiss"]
[EventCountry "CZE"]
[SourceTitle "playchess.com"]
[Source "ChessBase"]
[SourceQuality "1"]

1. d4 Nf6 2. c4 e6 3. Nc3 Bb4 4. Qc2 O-O 5. Nf3 c5 6. dxc5 Na6 7. g3 Nxc5 8. Bg2 b6 9. O-O Bb7 10. Nb5 Be4 11. Qd1 Nb7 12. a3 Be7 13. Nc3 Bc6 14. Bf4 Na5 15. b3 Rc8 16. Qb1 d5 17. Rd1 Qe8 18. Nd4 dxc4 19. Nxc6 Nxc6 20. bxc4 Bc5 21. Nb5 e5 22. Bg5 Ng4 23. Nd6 Qe6 24. Ne4 Bd4 25. Ra2 f5 26. e3 fxe4 27. exd4 Qf5 28. h4 Nf6 29. Bxf6 Qxf6 30. dxe5 Nxe5 31. Qxe4 Rxc4 32. Qe2 Rc5 33. f4 Nf7 34. Rad2 Rc3 35. Rd3 Rxd3 36. Rxd3 Nd6 37. Kh2 Re8 38. Qc2 Nf5 39. Qc4+ Kh8 40. Qa4 Qe7 41. Qd7 Qxd7 42. Rxd7 h5 43. Bf3 g6 44. Rxa7 Re3 45. Kg2 Rb3 46. a4 Rb2+ 47. Kh3 Rb3 48. Kg2 Rb2+ 1/2-1/2

[Event "Czech Open GM 2019"]
[Site "Pardubice"]
[Date "2019.07.26"]
[Round "8.12"]
[White "Cukrowski, Filip"]
[Black "Matviishen, Viktor"]
[Result "1/2-1/2"]
[WhiteElo "2421"]
[BlackElo "2495"]
[Annotator "TA"]
[PlyCount "190"]
[EventDate "2019.07.19"]
[EventType "swiss"]
[EventCountry "CZE"]
[SourceTitle "playchess.com"]
[Source "ChessBase"]
[SourceQuality "1"]

1. Nf3 Nf6 2. c4 c6 3. d4 d5 4. Nc3 a6 5. cxd5 cxd5 6. g3 Nc6 7. Bg2 e6 8. O-O Be7 9. Ne5 Nxe5 10. dxe5 Nd7 11. e4 dxe4 12. Qa4 O-O 13. Qxe4 Qc7 14. Rd1 Qxe5 15. Qxe5 Nxe5 16. Bf4 Nc4 17. b3 Na3 18. Na4 e5 19. Bxe5 Bg4 20. Rd4 Be6 21. Rc1 Rac8 22. Rdd1 b5 23. Nc3 Bg4 24. Nd5 Bg5 25. Rxc8 Rxc8 26. f3 Be6 27. f4 Bd8 28. Nc7 Bxc7 29. Bxc7 h6 30. Rd8+ Rxd8 31. Bxd8 Nc2 32. Ba5 Bc8 33. Bb6 Nb4 34. a3 Nc2 35. Be4 Nxa3 36. Bc5 b4 37. Bxb4 Nb5 38. Bc5 Be6 39. b4 Bc4 40. Kf2 Nc3 41. Bb7 Nd5 42. f5 g6 43. fxg6 fxg6 44. Kf3 Kf7 45. Ke4 Nf6+ 46. Kd4 Bb5 47. Bd6 g5 48. Be5 Nd7 49. Ke4 Bf1 50. Kd4 Bb5 51. Bf3 Kg6 52. Be4+ Kf7 53. Kd5 h5 54. Bd4 h4 55. Bf5 hxg3 56. hxg3 Ke7 57. Be3 Kf6 58. Bg4 Kg6 59. Bd4 Nf6+ 60. Bxf6 Kxf6 61. Kd6 Bd3 62. Bc8 Be2 63. Kd5 g4 64. Kd4 Kg5 65. Kc5 Kf6 66. Kb6 Ke5 67. Bxa6 Bf3 68. Kc5 Ke4 69. Bc4 Ke3 70. b5 Kf2 71. Bd5 Be2 72. Bc4 Bf3 73. b6 Bb7 74. Bd5 Ba6 75. Kc6 Kxg3 76. Bc4 Kf2 77. Bxa6 g3 78. b7 g2 79. b8=Q g1=Q 80. Qf4+ Kg2 81. Bd3 Qf2 82. Be4+ Kf1 83. Qc1+ Qe1 84. Qc4+ Kf2 85. Qf7+ Kg3 86. Qf3+ Kh4 87. Qf4+ Kh3 88. Qh6+ Kg4 89. Qe6+ Kh4 90. Qe7+ Kg3 91. Qg5+ Kh3 92. Bf5+ Kh2 93. Qh5+ Kg1 94. Qg4+ Kh2 95. Qh3+ Kg1 1/2-1/2

[Event "Czech Open GM 2019"]
[Site "Pardubice"]
[Date "2019.07.26"]
[Round "8.12"]
[White "Weishaeutel, Moritz"]
[Black "Horvath, Dominik"]
[Result "0-1"]
[WhiteElo "2276"]
[BlackElo "2424"]
[Annotator "TA"]
[PlyCount "78"]
[EventDate "2019.07.19"]
[EventType "swiss"]
[EventCountry "CZE"]
[SourceTitle "playchess.com"]
[Source "ChessBase"]
[SourceQuality "1"]

1. e4 c5 2. Nf3 e6 3. d4 cxd4 4. Nxd4 Nc6 5. Nc3 Qc7 6. Be3 a6 7. Qf3 Nf6 8. O-O-O Ne5 9. Qg3 b5 10. a3 Bb7 11. f3 Rc8 12. Kb1 Nc4 13. Bxc4 Qxg3 14. hxg3 Rxc4 15. Nb3 Ba8 16. Bd4 d6 17. g4 Nd7 18. g5 Ne5 19. Rh3 Be7 20. Rdh1 Bxg5 21. Rxh7 Rg8 22. Ne2 Bf6 23. Rd1 Ke7 24. Na5 Rcc8 25. Bc3 Nd7 26. Bb4 Nc5 27. Nb3 Rc6 28. Ned4 Rc7 29. Rh5 g6 30. Rxc5 dxc5 31. Nxc5 Ke8 32. Nxa6 Rd7 33. Bc3 e5 34. Nc5 Rd8 35. Ncb3 exd4 36. Nxd4 Bxd4 37. Bxd4 f5 38. e5 Kf7 39. c3 Ke6 0-1

[Event "Czech Open GM 2019"]
[Site "Pardubice"]
[Date "2019.07.26"]
[Round "8.13"]
[White "Dobrowolski, Piotr"]
[Black "Potapov, Pavel"]
[Result "0-1"]
[WhiteElo "2418"]
[BlackElo "2485"]
[Annotator "ChessBase"]
[PlyCount "116"]
[EventDate "2019.07.19"]
[EventType "swiss"]
[EventCountry "CZE"]
[SourceTitle "playchess.com"]
[Source "ChessBase"]
[SourceQuality "1"]

1. Nf3 Nf6 2. d4 e6 3. c4 b6 4. g3 Bb7 5. Bg2 Be7 6. O-O O-O 7. Nc3 Ne4 8. Qc2 Nxc3 9. Qxc3 d6 10. Rd1 Nd7 11. b3 Bf6 12. Qc2 Qc8 13. e4 e5 14. Bb2 exd4 15. Nxd4 Re8 16. Re1 a5 17. a3 Nf8 18. Nf5 Bxb2 19. Qxb2 f6 20. Ne3 Bxe4 21. Bxe4 Rxe4 22. Nd5 Rxe1+ 23. Rxe1 Ng6 24. f4 Rb8 25. Qd4 Kf8 26. Qe3 Qd7 27. h4 h5 28. Kh2 Kf7 29. Qe2 Re8 30. Qxe8+ Qxe8 31. Rxe8 Kxe8 32. Nxc7+ Kd7 33. Nd5 Kc6 34. b4 axb4 35. axb4 b5 36. Ne3 bxc4 37. Nxc4 d5 38. Na3 Ne7 39. Kg2 Kb6 40. Kf3 Nc6 41. Nc2 Kb5 42. g4 d4 43. gxh5 f5 44. Ke2 Kc4 45. Kd2 Nxb4 46. Ne1 Nd5 47. Nd3 Nf6 48. Ne5+ Kd5 49. Kd3 Nxh5 50. Ng6 Kc5 51. Kd2 Kc4 52. Ne7 Ng3 53. Nc8 Ne4+ 54. Kd1 d3 55. Ne7 Kc3 56. Nd5+ Kd4 57. Ne7 Ng3 58. Kd2 Ke4 0-1

[Event "Czech Open GM 2019"]
[Site "Pardubice"]
[Date "2019.07.26"]
[Round "8.13"]
[White "Otruba, Marek"]
[Black "Gungl, Theo"]
[Result "0-1"]
[WhiteElo "2041"]
[BlackElo "2306"]
[Annotator "NA"]
[PlyCount "90"]
[EventDate "2019.07.19"]
[EventType "swiss"]
[EventCountry "CZE"]
[SourceTitle "playchess.com"]
[Source "ChessBase"]
[SourceQuality "1"]

1. e4 c5 2. Nf3 d6 3. d4 cxd4 4. Nxd4 Nf6 5. Nc3 a6 6. Be2 e6 7. O-O Qc7 8. a4 Nc6 9. Be3 Be7 10. Nb3 b6 11. f4 Bb7 12. Bf3 O-O 13. Rf2 Rad8 14. g4 d5 15. exd5 exd5 16. Rd2 d4 17. Nxd4 Nxd4 18. Bxd4 Rxd4 19. Rxd4 Bc5 20. Bxb7 Qxb7 21. b4 Bxd4+ 22. Qxd4 Nxg4 23. Re1 Qc6 24. Re2 h5 25. Nd5 Kh8 26. h3 Nf6 27. Nxf6 Qxf6 28. Qxf6 gxf6 29. c4 Rd8 30. Rc2 Kg7 31. c5 bxc5 32. bxc5 Kf8 33. c6 Ke7 34. Kf2 Rc8 35. c7 Kd6 36. a5 Rxc7 37. Rxc7 Kxc7 38. Kg3 Kd6 39. Kh4 Ke6 40. Kg3 Kd5 41. Kh4 Ke4 42. Kg3 h4+ 43. Kxh4 Kxf4 44. Kh5 Kg3 45. h4 Kh3 0-1

[Event "Czech Open GM 2019"]
[Site "Pardubice"]
[Date "2019.07.26"]
[Round "8.14"]
[White "Hollan, Martin"]
[Black "Karthik Venkataraman"]
[Result "1-0"]
[WhiteElo "2416"]
[BlackElo "2480"]
[Annotator "ChessBase"]
[PlyCount "51"]
[EventDate "2019.07.19"]
[EventType "swiss"]
[EventCountry "CZE"]
[SourceTitle "playchess.com"]
[Source "ChessBase"]
[SourceQuality "1"]

1. e4 c5 2. Nf3 d6 3. d4 cxd4 4. Nxd4 Nf6 5. Nc3 a6 6. Be3 Ng4 7. Bc1 Nf6 8. Be3 e6 9. Be2 Be7 10. Qd2 Qc7 11. a3 b5 12. O-O-O O-O 13. g4 Bb7 14. f3 Nc6 15. g5 Nd7 16. h4 Nde5 17. f4 Nxd4 18. Bxd4 Nc6 19. h5 Nxd4 20. Qxd4 d5 21. exd5 Bc5 22. Qe4 Bxa3 23. Bd3 g6 24. Kb1 Bc5 25. hxg6 hxg6 26. f5 1-0

[Event "Czech Open GM 2019"]
[Site "Pardubice"]
[Date "2019.07.26"]
[Round "8.14"]
[White "Kosiorek, Marek"]
[Black "Dvoirys, Semen I."]
[Result "0-1"]
[WhiteElo "2238"]
[BlackElo "2505"]
[Annotator "TA"]
[PlyCount "86"]
[EventDate "2019.07.19"]
[EventType "swiss"]
[EventCountry "CZE"]
[SourceTitle "playchess.com"]
[Source "ChessBase"]
[SourceQuality "1"]

1. e4 c5 2. Nf3 d6 3. g3 Nc6 4. Bg2 g6 5. O-O Bg7 6. c3 Bg4 7. h3 Bxf3 8. Bxf3 e6 9. Bg2 Nge7 10. h4 O-O 11. Na3 Rb8 12. Qe2 d5 13. d3 b5 14. Bf4 Rb6 15. Rac1 b4 16. Nb1 bxc3 17. Nxc3 Nd4 18. Qd2 dxe4 19. dxe4 Qd7 20. b3 e5 21. Bg5 f6 22. Be3 Rd6 23. Qb2 f5 24. Bh3 Qb7 25. Qa3 Rc8 26. Bg2 Ra6 27. Qb2 Qd7 28. Bg5 h6 29. Bxe7 Qxe7 30. Nd5 Qf7 31. Rc4 Rd6 32. Nc3 f4 33. Bh3 Rf8 34. Nd5 Rxd5 35. exd5 Qxd5 36. Bg2 e4 37. Qb1 f3 38. Bh3 Ne2+ 39. Kh2 Bd4 40. Qc2 Qe5 41. Rxd4 cxd4 42. Qc6 Kg7 43. h5 gxh5 0-1

[Event "Czech Open GM 2019"]
[Site "Pardubice"]
[Date "2019.07.26"]
[Round "8.15"]
[White "Nagy, Gabor"]
[Black "Tate, Alan"]
[Result "1-0"]
[WhiteElo "2474"]
[BlackElo "2283"]
[Annotator "ChessBase"]
[PlyCount "53"]
[EventDate "2019.07.19"]
[EventType "swiss"]
[EventCountry "CZE"]
[SourceTitle "playchess.com"]
[Source "ChessBase"]
[SourceQuality "1"]

1. d4 d5 2. c4 c6 3. Nf3 Nf6 4. Nc3 e6 5. e3 Nbd7 6. Qc2 Bd6 7. Bd3 O-O 8. O-O dxc4 9. Bxc4 b5 10. Be2 Bb7 11. e4 e5 12. dxe5 Nxe5 13. Nd4 Re8 14. Nf5 Bc5 15. Bg5 Re6 16. Kh1 Qc8 17. f4 Nc4 18. e5 Nd5 19. Ne4 Bf8 20. Qd3 f6 21. Bg4 fxg5 22. Nxg5 Rg6 23. Qh3 Rxg5 24. fxg5 Qd8 25. g6 h6 26. Nxh6+ gxh6 27. Be6+ 1-0

[Event "Czech Open GM 2019"]
[Site "Pardubice"]
[Date "2019.07.26"]
[Round "8.15"]
[White "Barski, Radoslaw"]
[Black "Lederman, Leon"]
[Result "1/2-1/2"]
[WhiteElo "2468"]
[BlackElo "2238"]
[Annotator "ChessBase"]
[PlyCount "123"]
[EventDate "2019.07.19"]
[EventType "swiss"]
[EventCountry "CZE"]
[SourceTitle "playchess.com"]
[Source "ChessBase"]
[SourceQuality "1"]

1. e4 c5 2. Nf3 d6 3. d4 cxd4 4. Nxd4 Nf6 5. Nc3 a6 6. Be3 e5 7. Nb3 Be6 8. h3 Nbd7 9. g4 Nb6 10. g5 Nfd7 11. Qd2 Rc8 12. O-O-O Nc4 13. Bxc4 Rxc4 14. h4 g6 15. h5 Rg8 16. hxg6 hxg6 17. Rh7 b5 18. f3 Be7 19. Nd5 Bxd5 20. Qxd5 Rf8 21. Kb1 Qc7 22. Rh2 Nb6 23. Bxb6 Qxb6 24. Rg2 Rh8 25. Qa8+ Bd8 26. Qd5 Be7 27. Qd2 Rh5 28. Nc1 Qd8 29. Rdg1 d5 30. exd5 Rd4 31. Qe3 Rxd5 32. Nd3 Qd6 33. Re2 Kf8 34. a3 Bd8 35. Rgg2 e4 36. Qxe4 Rdxg5 37. Rxg5 Bxg5 38. f4 Bf6 39. Qe8+ Kg7 40. Re1 Rh8 41. Qe4 Rh4 42. Qb7 Rh5 43. Re8 Rd5 44. Ka2 Rd4 45. Qh1 Qd5+ 46. Qxd5 Rxd5 47. Ra8 Rd6 48. Ra7 Bd4 49. Rb7 Re6 50. a4 bxa4 51. Rb4 Be3 52. Rxa4 f5 53. Rc4 Re4 54. Kb3 Kh6 55. Ra4 Re6 56. Ra5 Kh5 57. Kc4 Rc6+ 58. Kd5 Rxc2 59. Rxa6 Rd2 60. Kc4 Rc2+ 61. Kd5 Rd2 62. Kc4 1/2-1/2

[Event "Czech Open GM 2019"]
[Site "Pardubice"]
[Date "2019.07.26"]
[Round "8.16"]
[White "Piesik, Piotr"]
[Black "Sikorova, Olga"]
[Result "1/2-1/2"]
[WhiteElo "2421"]
[BlackElo "2235"]
[Annotator "TA"]
[PlyCount "135"]
[EventDate "2019.07.19"]
[EventType "swiss"]
[EventCountry "CZE"]
[SourceTitle "playchess.com"]
[Source "ChessBase"]
[SourceQuality "1"]

1. d4 Nf6 2. c4 g6 3. Nc3 Bg7 4. e4 d6 5. Nf3 O-O 6. Be2 e5 7. Be3 Nc6 8. d5 Ne7 9. Nd2 Ne8 10. b4 f5 11. f3 f4 12. Bf2 g5 13. c5 Ng6 14. Nc4 Rf7 15. cxd6 cxd6 16. Nb5 b6 17. a4 Bf8 18. a5 Bd7 19. Nd2 bxa5 20. Rxa5 a6 21. Qa1 Bc8 22. Nc3 Rb8 23. Bxa6 Bxa6 24. Rxa6 Rxb4 25. Ra8 Rb8 26. Rxb8 Qxb8 27. O-O h5 28. Rb1 Qc8 29. Nb5 g4 30. Qc3 Qd8 31. Kh1 Rg7 32. Na7 Qg5 33. Bb6 Nh4 34. Rg1 Nf6 35. Nc6 Qg6 36. Nd8 Nd7 37. Ba7 Nf6 38. Bb6 Nd7 39. Qc6 Nxb6 40. Qxb6 gxf3 41. gxf3 Qxg1+ 42. Qxg1 Rxg1+ 43. Kxg1 Be7 44. Nc6 Kf7 45. Kf2 Ke8 46. Nc4 Ng6 47. Nb6 Bd8 48. Nc4 Be7 49. Na7 Kd7 50. Nb5 Nh8 51. Nb6+ Kd8 52. Na8 Nf7 53. Nac7 Ng5 54. Ne6+ Nxe6 55. dxe6 Bh4+ 56. Ke2 Ke7 57. Nc7 Kf6 58. Kd3 Be1 59. Kc4 Ba5 60. Nd5+ Kxe6 61. Kb5 Be1 62. Kc6 Bf2 63. Nc7+ Ke7 64. Kd5 Bg1 65. h3 Bc5 66. Nb5 Bb4 67. Kc4 Bd2 68. Kd5 1/2-1/2

[Event "Czech Open GM 2019"]
[Site "Pardubice"]
[Date "2019.07.26"]
[Round "8.16"]
[White "Menezes, Christoph"]
[Black "Saduakassova, Dinara"]
[Result "1/2-1/2"]
[WhiteElo "2413"]
[BlackElo "2474"]
[Annotator "TA"]
[PlyCount "101"]
[EventDate "2019.07.19"]
[EventType "swiss"]
[EventCountry "CZE"]
[SourceTitle "playchess.com"]
[Source "ChessBase"]
[SourceQuality "1"]

1. c4 c5 2. Nf3 g6 3. e4 Nc6 4. d4 cxd4 5. Nxd4 Nf6 6. Nc3 d6 7. Be2 Nxd4 8. Qxd4 Bg7 9. Be3 O-O 10. Qd2 a5 11. f3 a4 12. Kf2 Qa5 13. Rac1 Kh8 14. Rhd1 Qe5 15. Kg1 Be6 16. Nb5 Bd7 17. Bd4 Qh5 18. g4 Qh3 19. Rc3 Ne8 20. f4 Qh6 21. e5 f6 22. e6 Bc6 23. Bf2 Kg8 24. Nd4 Bh8 25. f5 Qxd2 26. Rxd2 Bg7 27. Be3 Nc7 28. h4 h5 29. gxh5 gxf5 30. Nxf5 Be4 31. Bg4 Rfe8 32. h6 Bf8 33. Ng3 Bc6 34. Bf5 Kh8 35. Bf4 Ra5 36. Kh2 Rc5 37. Be3 Re5 38. Bf4 Rc5 39. b4 axb3 40. axb3 Ra8 41. b4 Rxf5 42. Nxf5 Nxe6 43. Be3 Ra1 44. Ng3 Kh7 45. Rf2 Nd8 46. b5 Bd7 47. c5 Bxb5 48. cxd6 Bc6 49. Rc1 Ra4 50. Nf5 exd6 51. Rd1 1/2-1/2

[Event "Czech Open GM 2019"]
[Site "Pardubice"]
[Date "2019.07.26"]
[Round "8.17"]
[White "Rakesh Kumar Jena"]
[Black "Hrdina, Robin"]
[Result "1-0"]
[WhiteElo "2395"]
[BlackElo "2229"]
[Annotator "NA"]
[PlyCount "75"]
[EventDate "2019.07.19"]
[EventType "swiss"]
[EventCountry "CZE"]
[SourceTitle "playchess.com"]
[Source "ChessBase"]
[SourceQuality "1"]

1. d4 d5 2. Bf4 Nf6 3. Nf3 e6 4. e3 Bd6 5. Bg3 O-O 6. Nbd2 c5 7. c3 b6 8. Bd3 Nc6 9. e4 dxe4 10. Nxe4 Nxe4 11. Bxe4 Bb7 12. dxc5 Bxc5 13. Qa4 Rc8 14. Rd1 Qe7 15. b4 f5 16. Bb1 Nxb4 17. Bh4 Qc7 18. cxb4 Bxf3 19. gxf3 Qf4 20. Bg3 Qxb4+ 21. Qxb4 Bxb4+ 22. Ke2 f4 23. Rd4 fxg3 24. Rxb4 gxh2 25. Rxh2 h6 26. Rd4 Rc3 27. Bd3 Rfc8 28. Rhh4 e5 29. Rd7 Ra3 30. Bc4+ Kh8 31. Rg4 g5 32. Re4 Rc5 33. Bd5 Rc2+ 34. Kd1 Rac3 35. Rxe5 Rc1+ 36. Ke2 R3c2+ 37. Kd3 Rc3+ 38. Kd4 1-0

[Event "Czech Open GM 2019"]
[Site "Pardubice"]
[Date "2019.07.26"]
[Round "8.17"]
[White "Dixit, Nikhil"]
[Black "Gavrilescu, David"]
[Result "1/2-1/2"]
[WhiteElo "2318"]
[BlackElo "2473"]
[Annotator "ChessBase"]
[PlyCount "54"]
[EventDate "2019.07.19"]
[EventType "swiss"]
[EventCountry "CZE"]
[SourceTitle "playchess.com"]
[Source "ChessBase"]
[SourceQuality "1"]

1. e4 c5 2. Nf3 e6 3. d4 cxd4 4. Nxd4 a6 5. Nc3 b5 6. a3 Bb7 7. Bd3 Qb6 8. Nb3 Qc7 9. O-O Nf6 10. Qe2 d6 11. f4 Nbd7 12. Bd2 Be7 13. Rae1 O-O 14. Kh1 g6 15. Nd4 Rfe8 16. Nf3 Nc5 17. b4 Nxd3 18. cxd3 Rac8 19. Rc1 Qd7 20. Nd1 Bf8 21. Bc3 Nh5 22. g3 Bg7 23. Qb2 d5 24. Bxg7 dxe4 25. dxe4 Qd3 26. Kg2 Rxc1 27. Qxc1 Nxg7 1/2-1/2